Statistics for Easy General Knowledge -3

Click here to take the quiz!

General Stats

  • This quiz has been taken 308 times
  • The average score is 5 of 9

Answer Stats

HintAnswer% Correct
How many rings are there in the olympic games symbol?5
93%
What artist cut off his own ear?Vincent Van Gogh
76%
What country were the 2008 olympic games held?China
64%
What was the name of David and Victoria Beckham's first child?Brooklyn
53%
How many years was Nelson Mandela imprisoned for?27
51%
What type of shark was jaws?Great White Shark
46%
What 2 letters are worth the most (10 points) in scrabble?z q
43%
What vegetable is zucchini better known as?Courgette
29%
Which country has the most football teams?South Africa
5%

Score Distribution

Percentile by Number Answered

Percent of People with Each Score

Your Score History

You have not taken this quiz